Statistics for 2016 AFL ladder

Click here to take the quiz!

General Stats

  • This quiz has been taken 40 times
  • The average score is 10 of 18

Answer Stats

Hint Answer % Correct
1Sydney Swans
84%
7Western Bulldogs
78%
2Geelong Cats
73%
5Adelaide Crows
65%
3Hawthron
59%
4Greater Western Sydney
59%
6West Coast Eagles
57%
13Richmond Tigers
54%
8North Melbourne
51%
14Carlton
51%
18Essendon Bombers
49%
12Collingwood
46%
9St Kilda
46%
15Gold Coast Suns
46%
17Brisbane Lions
46%
10Port Adelaide
46%
16Fremantle
43%
11Melbourne
41%

Score Distribution

Percentile by Number Answered

Percent of People with Each Score

Your Score History

You have not taken this quiz